Music Quiz

Random Music or Song Quiz

'00s Song Title Endings Quiz Stats

 Plays Quiz Updated Jul 31, 2018

Challenge
Share
Tweet
Embed
Score 0/30 Timer 05:00
22 Plays Today
% Correct
Face
97.5%
River
97.2%
Gone
96.9%
Together
96.9%
Lie
96.8%
Girl
96.7%
Vida
96.6%
Started
96.4%
Life
95.8%
Digger
95.3%
Again
94.6%
Yourself
94.2%
Feeling
93.8%
Problems
93.6%
Army
93%
% Correct
Wonder
92.5%
Planes
92.2%
Mind
91.9%
Delilah
91.7%
Club
91.3%
Boy
90.6%
Herre
90.5%
Time
90.5%
Love
89.8%
Idiot
88.7%
Day
85.5%
Moment
84.2%
Man
84.1%
End
81.2%
Round
77.4%

You're not logged in!

Compare scores with friends on all Sporcle quizzes.
OR
Log In

You Might Also Like...

Show Comments

Extras

Top Quizzes Today


Score Distribution

Your Account Isn't Verified!

In order to create a playlist on Sporcle, you need to verify the email address you used during registration. Go to your Sporcle Settings to finish the process.

Report this User

Report this user for behavior that violates our Community Guidelines.

Details: